000 01523nam a2200505 a 4500
003 AR-BaBNM
005 20251128210044.0
008 082120s2002 ||||||||||||||000 | spa||
020 _a968-24-2151-9
040 _cAR-BaBNM
100 1 _aEvans, Ellis D.
245 0 0 _aEducación infantil temprana
_btendencias actuales
250 _a1ª ed.
260 _aMéxico, D.F.
_bTrillas
_c1987
300 _a488 p.
_bil.
500 _aContiene índice de contenido p. 9-13
500 _aContiene índice onomástico p. 473-482
500 _aContiene índice analítico p. 483-488
504 _aContiene bibliografía al final de cada capítulo
600 1 4 _aPiaget, Jean
600 1 4 _aMontessori, María
610 2 4 _aPlaza Sésamo
650 4 _aESTIMULACION TEMPRANA
650 4 _aPROGRAMAS DE EDUCACION
650 4 _aDIDACTICA
650 4 _aOBJETIVOS EDUCACIONALES
650 4 _aLENGUAJE DEL NIÑO
650 4 _aENSEÑANZA
650 4 _aDESARROLLO DEL LENGUAJE
650 4 _aJUEGOS EDUCATIVOS
650 4 _aROL DEL DOCENTE
650 4 _aCONDUCTA INFANTIL
650 4 _aINVESTIGACION SOBRE LA CONDUCTA
650 4 _aRESULTADOS DE INVESTIGACION
650 4 _aMEDIOS DE COMUNICACION
653 _aEDUCACION INICIAL
653 _aCONTENIDOS CURRICULARES
653 _aJARDINES DE INFANTES
653 _aJARDINES MATERNALES
653 _aMETODOS EDUCATIVOS
653 _aPROCESO DE ENSEÑANZA-APRENDIZAJE
653 _aINNOVACIONES EDUCATIVAS
942 _cBK
998 _cRaquel
999 _c13835
_d13835